000 00709nam a22002177a 4500
003 UA-OsUOA
001 67626
007 ta
008 20100304b un ||||| |||| 00| 0 ukr d
090 _a347.991:343
_bВ74
942 _cBK
040 _aUA-OsUOA
_brus
_cUA-OsUOA
_dUA-OsUOA
245 _aВопросы уголовного права и процесса в практике Верховных Судов СССР и РСФСР 1938 - 1978 гг.
300 _a472 с.
955 _a2
041 _arus
080 _a347.991:343
260 _aМ.
_bЮридичесская литература
_c1980
650 7 _a347 Цивільне право. Судовий устрій
_2UDC
999 _c353604
_d353604